| 000 | 00000nas 2200000zi 4500 |
| 001 | 9.894827 |
| 003 | CaOODSP |
| 005 | 20240223151249 |
| 006 | m o d f |
| 007 | cr cn||||||||| |
| 008 | 201218c20209999oncar p o f0###b0fre|d |
| 022 | |a2563-7169 |
| 040 | |aCaOODSP|bfre|erda|cCaOODSP |
| 043 | |an-cn--- |
| 086 | 1 |aP1-41F-PDF |
| 110 | 1 |aCanada. |bLaboratoires Canada, |eauteur,|eorganisme de publication. |
| 245 | 10|aRapport annuel / |cLaboratoires Canada. |
| 264 | 1|a[Ottawa] : |bGouvernement du Canada = Government of Canada, |c[2020]- |
| 310 | |aAnnuel |
| 336 | |atexte|btxt|2rdacontent/fre |
| 337 | |ainformatique|bc|2rdamedia/fre |
| 338 | |aressource en ligne|bcr|2rdacarrier/fre |
| 362 | 1 |aParaît depuis 2019/2020. |
| 500 | |aPublié aussi en anglais sous le titre : Annual report. |
| 588 | 0 |aDescription d'après : 2019/2020. |
| 588 | 1 |aDernière livraison consultée : 2019/2020. |
| 610 | 16|aCanada. |bLaboratoires Canada|vPériodiques. |
| 650 | 6|aRecherche|xPolitique gouvernementale|zCanada|vPériodiques. |
| 650 | 6|aInnovations|zCanada|vPériodiques. |
| 651 | 6|aCanada. |
| 655 | 7|aPériodiques|2rvmgf |
| 775 | 08|tAnnual report / |w(CaOODSP)9.894826 |